| Tag |
First Indicator |
Second Indicator |
Subfields |
| LEADER |
00000cam a2200000 a 4500 |
| 001 |
in00000017367 |
| 005 |
20151007053534.0 |
| 008 |
871005s1988 wiu b s00110 eng |
| 010 |
|
|
|a 87040361
|
| 020 |
|
|
|a 0299112403 :
|c $37.50
|
| 020 |
|
|
|a 0299112446 (pbk.) :
|c $15.00
|
| 035 |
|
|
|a (OCoLC)16900305
|
| 035 |
|
|
|9 AAB1999AM
|
| 040 |
|
|
|a DLC
|c DLC
|d TXA
|d UtOrBLW
|
| 043 |
|
|
|a n-us---
|
| 049 |
|
|
|a TXAM
|c [A11100771]
|
| 050 |
0 |
0 |
|a KF4758.A7
|b G66 1988
|
| 082 |
0 |
|
|a 342.73/0878
|a 347.302878
|2 19
|
| 100 |
1 |
|
|a Goldstein, Leslie Friedman,
|d 1945-
|
| 245 |
1 |
4 |
|a The constitutional rights of women :
|b cases in law and social change /
|c Leslie Friedman Goldstein.
|
| 250 |
|
|
|a New ed., rev. and updated., 2nd ed.
|
| 264 |
|
1 |
|a Madison, Wis. :
|b University of Wisconsin Press,
|c 1988.
|
| 300 |
|
|
|a xiii, 637 pages ;
|c 24 cm.
|
| 336 |
|
|
|a text
|b txt
|2 rdacontent
|
| 337 |
|
|
|a unmediated
|b n
|2 rdamedia
|
| 338 |
|
|
|a volume
|b nc
|2 rdacarrier
|
| 504 |
|
|
|a Bibliography: pages 589-600.
|
| 500 |
|
|
|a Includes index.
|
| 650 |
|
0 |
|a Sex discrimination against women
|x Law and legislation
|z United States
|v Cases.
|
| 650 |
|
0 |
|a Women
|x Legal status, laws, etc.
|z United States
|v Cases.
|
| 650 |
|
0 |
|a Sociological jurisprudence
|x Cases.
|
| 610 |
1 |
0 |
|a United States.
|b Supreme Court.
|
| 999 |
|
|
|a MARS
|
| 999 |
f |
f |
|s 70faebe2-ed08-36d9-b3ce-c0a299e13d81
|i 73017d35-d4ae-36b1-8680-1ebd212b1d4e
|t 0
|
| 952 |
f |
f |
|p normal
|a Texas A&M University
|b College Station
|c Sterling C. Evans Library
|d Evans: Library Stacks
|t 0
|e KF4758.A7 G66 1988
|h Library of Congress classification
|i unmediated -- volume
|m A14811100771
|
| 998 |
f |
f |
|a KF4758.A7 G66 1988
|t 0
|l Evans: Library Stacks
|